|
|
|
|
| LEADER |
01628nam a22003734a 4500 |
| 001 |
EBC3004315 |
| 003 |
MiAaPQ |
| 005 |
20200520144314.0 |
| 006 |
m o d | |
| 007 |
cr cn||||||||| |
| 008 |
010926s2001 dcua sb 001 0 eng |
| 010 |
|
|
|z 2001005817
|
| 020 |
|
|
|z 0815700679 (pbk. : alk. paper)
|
| 035 |
|
|
|a (MiAaPQ)EBC3004315
|
| 035 |
|
|
|a (Au-PeEL)EBL3004315
|
| 035 |
|
|
|a (CaPaEBR)ebr10026245
|
| 035 |
|
|
|a (OCoLC)70769505
|
| 040 |
|
|
|a MiAaPQ
|c MiAaPQ
|d MiAaPQ
|
| 050 |
|
4 |
|a HF5548.325.U6
|b T73 2001
|
| 082 |
0 |
4 |
|a 381/.1
|2 21
|
| 245 |
0 |
0 |
|a Tracking a transformation
|h [electronic resource] :
|b e-commerce and the terms of competition in industries /
|c BRIE-IGCC E-conomy Project.
|
| 260 |
|
|
|a Washington, D.C. :
|b Brookings Institution Press,
|c c2001.
|
| 300 |
|
|
|a xvi, 492 p. :
|b ill.
|
| 504 |
|
|
|a Includes bibliographical references and index.
|
| 533 |
|
|
|a Electronic reproduction. Ann Arbor, MI : ProQuest, 2015. Available via World Wide Web. Access may be limited to ProQuest affiliated libraries.
|
| 650 |
|
0 |
|a Electronic commerce
|z United States
|v Case studies.
|
| 650 |
|
0 |
|a Competition
|z United States
|v Case studies.
|
| 650 |
|
0 |
|a Industrial relations
|x Effect of technological innovations on
|z United States
|v Case studies.
|
| 650 |
|
0 |
|a Electronic commerce
|z Europe
|v Case studies.
|
| 650 |
|
0 |
|a Competition
|z Europe
|v Case studies.
|
| 650 |
|
0 |
|a Industrial relations
|x Effect of technological innovations on
|z Europe
|v Case studies.
|
| 655 |
|
4 |
|a Electronic books.
|
| 710 |
2 |
|
|a ProQuest (Firm)
|
| 856 |
4 |
0 |
|u https://ebookcentral.proquest.com/lib/matrademy/detail.action?docID=3004315
|z Click to View
|